Statistics for City

Click here to take the quiz!

General Stats

  • This quiz has been taken 6 times
  • The average score is 5 of 20

Answer Stats

Answer% Correct
Amsterdam
100%
Havana
50%
Nairobi
50%
Calgary
25%
Canberra
25%
Capri
25%
Damascus
25%
Helena
25%
Istanbul
25%
Panama City
25%
Port-Vila
25%
St Petersburg
25%
Tacoma
25%
Tijuana
25%
Turin
25%
Venice Beach
25%
Lyon
0%
Narita
0%
Sao Paulo
0%
Xi'an
0%

Score Distribution

Percentile by Number Answered

Percent of People with Each Score

Your Score History

You have not taken this quiz